000
00289nam a22001337a 4500
008
171127b xxu||||| |||| 00| 0 eng d
020
_a
0915511037
041
_a
eng
080
_a
7
100
_a
45
101
_a
ART
245
_a
CHILDE HASSAM IN INDIANA
_c
JOYAUX,A.G
942
_2
udc
_c
BK
999
_c
38572
_d
38572